NHL Conn Smythe winners - Statistics

General Stats
  • This quiz has been taken 765 times
    444 since last reset
  • The average score is 30 of 55
Answer Stats
Year Team Winner % Correct
2018 Washington Capitals Alexander Ovechkin
99%
2017 Pittsburgh Penguins Sidney Crosby
99%
2016 Pittsburgh Penguins Sidney Crosby
99%
2013 Chicago Blackhawks Patrick Kane
98%
2010 Chicago Blackhawks Jonathan Toews
93%
2009 Pittsburgh Penguins Evgeni Malkin
89%
2012 Los Angeles Kings Jonathan Quick
86%
2019 St. Louis Blues Ryan O'Reilly
84%
1988 Edmonton Oilers Wayne Gretzky
83%
1985 Edmonton Oilers Wayne Gretzky
83%
2015 Chicago Blackhawks Duncan Keith
81%
2011 Boston Bruins Tim Thomas
79%
1995 New Jersey Devils Claude Lemieux
77%
1992 Pittsburgh Penguins Mario Lemieux
77%
1991 Pittsburgh Penguins Mario Lemieux
77%
1984 Edmonton Oilers Mark Messier
76%
1996 Colorado Avalanche Joe Sakic
73%
2001 Colorado Avalanche Patrick Roy
71%
1993 Montréal Canadiens Patrick Roy
71%
1986 Montréal Canadiens Patrick Roy
71%
1998 Detroit Red Wings Steve Yzerman
68%
1977 Montréal Canadiens Guy Lafleur
67%
1982 New York Islanders Mike Bossy
65%
2002 Detroit Red Wings Nicklas Lidstrom
64%
2008 Detroit Red Wings Henrik Zetterberg
62%
2014 Los Angeles Kings Justin Williams
57%
1980 New York Islanders Bryan Trottier
56%
2006 Carolina Hurricanes Cam Ward
56%
1972 Boston Bruins Bobby Orr
55%
1970 Boston Bruins Bobby Orr
55%
2003 Anaheim Mighty Ducks Jean-Sébastien Giguère
52%
2007 Anaheim Ducks Scott Niedermayer
52%
2000 New Jersey Devils Scott Stevens
51%
2004 Tampa Bay Lightning Brad Richards
45%
1994 New York Rangers Brian Leetch
45%
1983 New York Islanders Billy Smith
42%
1965 Montréal Canadiens Jean Béliveau
39%
2005 Gary Bettman Lockout
38%
1987 Philadelphia Flyers Ron Hextall
38%
1971 Montréal Canadiens Ken Dryden
30%
1978 Montréal Canadiens Larry Robinson
30%
1999 Dallas Stars Joe Nieuwendyk
28%
1997 Detroit Red Wings Mike Vernon
27%
1989 Calgary Flames Al MacInnis
26%
1975 Philadelphia Flyers Bernard Parent
26%
1974 Philadelphia Flyers Bernard Parent
26%
1968 St-Louis Blues Glenn Hall
22%
1969 Montréal Canadiens Serge Savard
21%
1990 Edmonton Oilers Bill Ranford
18%
1981 New York Islanders Butch Goring
18%
1973 Montréal Canadiens Yvan Cournoyer
18%
1976 Philadelphia Flyers Reggie Leach
17%
1967 Toronto Maple Leafs Dave Keon
16%
1979 Montréal Canadiens Bob Gainey
15%
1966 Detroit Red Wings Roger Crozier
8%
No matching quizzes found
Score Distribution
Percent of People with Each Score
Percentile by Number Answered
Your Score History
You have not taken this quiz since the last reset